000 00403pab a2200145 454500
008 180718b1988 xxu||||| |||| 00| 0 eng d
100 _aGoodsell, Charles T.
245 _aThe architecture of parliaments
_bLegislative houses and political culture
260 _c1988
300 _a287-302
362 _aJul.
650 _aLegislators
773 _aBritish Journal of Political Science
909 _a12540
999 _c12540
_d12540